Modern Livestock and Poultry Production (Record no. 4336)

MARC details
000 -LEADER
fixed length control field 00396nam a22001457a 4500
008 - FIXED-LENGTH DATA ELEMENTS--GENERAL INFORMATION
fixed length control field 250716b |||||||| |||| 00| 0 eng d
020 ## - INTERNATIONAL STANDARD BOOK NUMBER
ISBN 9781915508072
100 ## - MAIN ENTRY--AUTHOR
Author Snider Thomas
245 ## - TITLE STATEMENT
Title Modern Livestock and Poultry Production
260 ## - PUBLICATION, DISTRIBUTION, ETC. (IMPRINT)
Place of publication London
Name of publisher Brilliance Publication LLP.
Date of publication 2023
300 ## - COLLATION
Pagination xiv, 300p.
Other physical details ill.
650 ## - TRACINGS
Main Subject Livestock Factories
942 ## - ADDED ENTRY ELEMENTS (KOHA)
Item type Books
050 ## - LIBRARY OF CONGRESS CALL NUMBER
Classification number SF140
Item number .S65
Holdings
Source of classification or shelving scheme Not for loan Permanent location Current location Date acquired Accession No. Full call number Barcode. Koha item type
Library of Congress Classification   Samuel Ogbemudia Main Library, University of Abuja Samuel Ogbemudia Main Library, University of Abuja 07/16/2025 2024-62071 SF140.S65 2025-3103 Books